000 00914nac a22002777a 4500
001 BR6000279
003 BR-BrBNA
005 20240105112945.0
008 230509b bl.|||m| |||| 00| 0 por d
040 _aBR-BrBNA
_bpor
_cBiblioteca Nacional de Agricultura
072 _aE50; C00
090 _aE50 BR6000279
100 1 _aLeite, G.M.
100 1 _aTenorio Sobrinho, J.
110 1 _aMinisterio da Agricultura, Brasilia, DF (Brasil). Equipe de Informacao Agricola
_96790
245 1 _aPlanejamento da comunicacao
260 3 _aBrasilia, DF (Brasil):
_c1970.
300 _a14 p.
490 _aComunicacao Rural. Textos Tecnicos - Ministerio da Agricultura. Equipe de Informacao Agricola (Brazil)
_vno. 1
_x
500 _a10 ref.
650 _aCOMUNICACAO
650 _aDESENVOLVIMENTO RURAL
650 _aCOMUNIDADE RURAL
909 _a202312
_bLúcia Elande
_c55
_dLúcia Elande
942 _2AGRIS
_n0
_cMS
999 _c261123
_d261123